000 00458cam a2200181ua 4500
020 _c1.50
041 _amal
_h
082 _a894.8121
_bMAR/KA
100 _aMary john, Koothattukulam .
245 _aKabeerinte geethangal /
_cMary john koothattukulam.
_hTextual Documents
250 _a1 /
_b.
260 _aKottayam :
_bNational Book Stall ,
_c1966.
300 _a100 ; .
365 _a1.50
504 _a
942 _cBK
999 _c4146
_d4146